00446nam a22001572 4500001001100000005001700011008004100028040001500069110004900084245002900133250001300162260005500175300001200230650004300242852000300285000001292420151217155854.0090402s xx 000 0 eng d aKABUcKABU2 aUniversity Press of East Africa.@000016993110aEngineer in East Africa. a1st ed. aNairobi :bUniversity Press of East Africa,c1972. a272 p. 0aEngineeringzAfrica, East.@00001699321